[Event "Avoine op 21th"]
[Site "Avoine"]
[Date "2006.07.28"]
[Round "7"]
[White "Guibert, Florent"]
[Black "Gouanelle, Franck"]
[Result "0-1"]
[WhiteElo "1887"]
[BlackElo "2121"]
[PlyCount "61"]
[EventDate "2006.07.22"]
[EventType "swiss"]
[EventRounds "9"]
[EventCountry "FRA"]
[SourceTitle "EXT 2007"]
[Source "ChessBase"]
[SourceDate "2006.11.23"]
[SourceVersion "1"]
[SourceVersionDate "2006.11.23"]
[SourceQuality "1"]

1. e4 c5 2. Nf3 Nc6 3. d4 cxd4 4. Nxd4 e5 5. Nb5 d6 6. N1c3 a6 7. Na3 b5 8. Nd5 Nge7 9. c3 Nxd5 10. Qxd5 Bb7 11. Qd1 Na5 12. Bd3 d5 13. Qh5 Bxa3 14. bxa3 Qc7 15. Bb2 dxe4 16. Be2 0-0 17. 0-0 f5 18. c4 Nxc4 19. Bxc4+ bxc4 20. Rac1 Rad8 21. Qe2 Rd3 22. Rc2 Bd5 23. Rfc1 Qd6 24. h3 Qe6 25. Bc3 Rf6 26. Rd2 Rg6 27. Kh2 e3 28. fxe3 Rxd2 29. Qxd2 Rxg2+ 30. Qxg2 Bxg2 31. Kxg2 0-1

[Event "FRA-ch op-B"]
[Site "Aix les Bains"]
[Date "2003.08.28"]
[Round "9"]
[White "Guibert, Florent"]
[Black "Kulpa, Jerome"]
[Result "0-1"]
[WhiteElo "1870"]
[BlackElo "1880"]
[PlyCount "72"]
[EventDate "2003.08.19"]
[EventType "swiss"]
[EventRounds "9"]
[EventCountry "FRA"]
[SourceTitle "EXT 2004"]
[Source "ChessBase"]
[SourceDate "2003.11.25"]
[SourceVersion "1"]
[SourceVersionDate "2003.11.25"]
[SourceQuality "1"]

1. e4 e6 2. d4 d5 3. Nd2 Nf6 4. e5 Nfd7 5. Bd3 c5 6. c3 Nc6 7. Ne2 cxd4 8. cxd4 f6 9. f4 fxe5 10. fxe5 Nxd4 11. 0-0 Bc5 12. Nxd4 Bxd4+ 13. Kh1 Nxe5 14. Qa4+ Nc6 15. Bb5 Bf6 16. Bxc6+ bxc6 17. Qxc6+ Bd7 18. Qc5 Qe7 19. Qxe7+ Kxe7 20. Rb1 Bb5 21. Re1 Bd3 22. Ra1 Rhf8 23. b3 Bxa1 24. Ba3+ Kd7 25. Bxf8 Rxf8 26. Rxa1 Rf2 27. Nf3 Kd6 28. Kg1 Rb2 29. Rd1 Rb1 30. Rxb1 Bxb1 31. a3 e5 32. Kf2 d4 33. Ke2 Kd5 34. Nd2 Bc2 35. b4 e4 36. Nf1 Bd3+ 0-1

[Event "FRA-ch op-B"]
[Site "Aix les Bains"]
[Date "2003.08.27"]
[Round "8"]
[White "Mourad, Houssam"]
[Black "Guibert, Florent"]
[Result "0-1"]
[WhiteElo "1990"]
[BlackElo "1870"]
[PlyCount "38"]
[EventDate "2003.08.19"]
[EventType "swiss"]
[EventRounds "9"]
[EventCountry "FRA"]
[SourceTitle "EXT 2004"]
[Source "ChessBase"]
[SourceDate "2003.11.25"]
[SourceVersion "1"]
[SourceVersionDate "2003.11.25"]
[SourceQuality "1"]

1. e4 e6 2. d4 d5 3. Nd2 Nf6 4. e5 Nfd7 5. Bd3 c5 6. c3 Nc6 7. Ne2 cxd4 8. cxd4 Qb6 9. Nf3 f6 10. exf6 Nxf6 11. 0-0 Bd6 12. a3 0-0 13. Re1 e5 14. dxe5 Nxe5 15. Nxe5 Bxe5 16. Bf4 Ng4 17. Bxe5 Qxf2+ 18. Kh1 Ne3 19. Bxh7+ Kxh7 0-1

[Event "FRA-ch op-B"]
[Site "Aix les Bains"]
[Date "2003.08.22"]
[Round "4"]
[White "Guibert, Florent"]
[Black "Crommelynck, Francois"]
[Result "0-1"]
[WhiteElo "1870"]
[BlackElo "1570"]
[PlyCount "54"]
[EventDate "2003.08.19"]
[EventType "swiss"]
[EventRounds "9"]
[EventCountry "FRA"]
[SourceTitle "EXT 2004"]
[Source "ChessBase"]
[SourceDate "2003.11.25"]
[SourceVersion "1"]
[SourceVersionDate "2003.11.25"]
[SourceQuality "1"]

1. e4 e6 2. d4 d5 3. Nd2 c5 4. exd5 Qxd5 5. Ngf3 cxd4 6. Bc4 Qd6 7. 0-0 Nf6 8. Re1 Be7 9. Nb3 Nc6 10. Nbxd4 Nxd4 11. Nxd4 a6 12. b3 Bd7 13. Bb2 0-0-0 14. Qf3 h5 15. Rad1 Qc7 16. Nf5 Bc5 17. Be5 Qb6 18. Nd6+ Bxd6 19. Rxd6 Bc6 20. Qd3 Ng4 21. Qd4 Qxd4 22. Rxd4 Nxe5 23. Rxd8+ Rxd8 24. Rxe5 Rd1+ 25. Bf1 Kd7 26. Rxh5 Be4 27. c3 Bd3 0-1